000 01327nam a22004337a 4500
001 0012787
003 KOHA_MİRAKIL
005 20260207001901.0
007 ta
008 121228b2003 tu a|||gr||||#||||0|tur |
020 _a9750602633
040 _aTR-BiSEU
_btur
_cTR-BiSEU
_erda
041 0 _atur
044 _ctu
050 _aTK6680
_b.G87 2003
100 1 _aGürkaş, İsmail.
245 1 _aVideo devreleri/
_cİsmail Gürkaş ; İsmail Gürkaş.
264 1 _aEskişehir :
_bAnadolu Üniversitesi
_c2003
300 _aV, 120 sayfa: resimli; 23 cm.
336 _ametin
_btxt
_2rdacontent
337 _aaracısız
_bn
_2rdamedia
338 _acilt
_bnc
_2rdacarrier
490 1 _aAnadolu Üniversitesi yayınları ;
_vno.
490 1 _a1535.
490 1 _aAçıköğretim Fakültesi yayınları ;
_vno.
490 1 _a816.
500 _aKaynakça var.
650 0 _aDigital video.
_930698
650 0 _aClosed-circuit television.
_930699
650 0 _aTelevision.
_930700
650 0 _aModulation (Electronics).
_929026
650 0 _aTelevizyon.
_93236
650 0 _aDijital video.
_930701
830 1 _aAnadolu Üniversitesi yayınları ;
_vno.
_97107
830 1 _a1535.
_930702
830 1 _aAçıköğretim Fakültesi yayınları ;
_vno.
_920146
830 1 _a816.
_930703
942 _2lcc
_cBK
999 _c12754
_d12754